000 00416nam a2200157Ia 4500
008 240729s9999 xx 000 0 und d
022 _a2518-0231
245 0 _aRILEM Technical Letters
260 _aFrance
260 _bRILEM Publications SARL
650 _a Building construction
650 _aTechnology
856 _uhttps://doaj.org/toc/eaf42858f4014f0195f1c158412bcae9
942 _2ddc
942 _cDOAJEJ
999 _c66120
_d66120
945 _a1
_bMadushi Gamage
_c1
_dMadushi Gamage